Discourse on leadership : a critical appraisal (Record no. 40290)

MARC details
000 -LEADER
fixed length control field 00605nam a2200157 a 4500
008 - FIXED-LENGTH DATA ELEMENTS--GENERAL INFORMATION
fixed length control field 200820s2016 ||||||||||||||||| || u
020 ## - INTERNATIONAL STANDARD BOOK NUMBER
International Standard Book Number 9781107628137
050 ## - LIBRARY OF CONGRESS CALL NUMBER
Classification number HD 57.7 Spe
100 ## - MAIN ENTRY--PERSONAL NAME
Personal name Spector, Bert A
245 10 - TITLE STATEMENT
Title Discourse on leadership : a critical appraisal
Statement of responsibility, etc. By Bert A. Spector
260 ## - PUBLICATION, DISTRIBUTION, ETC.
Place of publication, distribution, etc. Cambridge
Name of publisher, distributor, etc. Cambridge University Press
Date of publication, distribution, etc. 2016
300 ## - PHYSICAL DESCRIPTION
Extent viii, 314 pages
650 ## - SUBJECT ADDED ENTRY--TOPICAL TERM
Topical term or geographic name entry element LEADERSHIP--RESEARCH
650 #0 - SUBJECT ADDED ENTRY--TOPICAL TERM
Topical term or geographic name entry element LEADERSHIP
995 ## - RECOMMENDATION 995 [LOCAL, UNIMARC FRANCE]
-- 27.99
-- CBU-MAIN LIBRARY (Kitwe)
-- 1
-- AVAILABLE
-- Aug 27, 2020
-- Main Library Open Access Collection
Holdings
Withdrawn status Lost status Source of classification or shelving scheme Damaged status Not for loan Home library Current library Shelving location Date acquired Total Checkouts Full call number Barcode Date last seen Price effective from Koha item type
          CBU-MAIN LIBRARY, KITWE. CBU-MAIN LIBRARY, KITWE.   11/30/2022   HD 57.7 Spe 750247 11/30/2022 11/30/2022 MONOGRAPH